| 000 | 00361nam a2200133Ia 4500 | ||
|---|---|---|---|
| 008 | 231129s1993||||xx |||||||||||||| ||spa|| | ||
| 040 | _bspa | ||
| 082 | _a616.61 C141n | ||
| 100 | _aCala Hederich Roso Alfredo | ||
| 245 | 0 | _aNefrología | |
| 260 | _c1993 | ||
| 264 | _aMedellín Colombia: Corporación para Investigaciones Biológicas | ||
| 942 |
_2ddc _cBKS |
||
| 999 |
_c21631 _d21631 |
||